Easiest & Hardest Jetpunk Answers - Statistics

General Stats
  • This quiz has been taken 512 times
    443 since last reset
  • The average score is 14 of 36
Answer Stats
Hint Answer % Correct
World Countries USA
94%
The 8 Planets Earth
89%
US Presidents George Washington
89%
US States California
83%
24 Most Populated Countries China
75%
20 Biggest Countries (Area) Russia
75%
Olympian Gods Zeus
73%
50 Most Populated Cities New York City
72%
Santa's Reindeer Rudolph
72%
Major World Religions Islam
71%
Shakespeare's Plays Romeo & Juliet
70%
European Countries United Kingdom
68%
Neptune
64%
World Capitals Paris
62%
Landlocked Countries Mongolia
50%
US State Capitals Sacramento
45%
English Prime Ministers Margaret Thatcher
43%
NBA Teams Los Angeles Lakers
39%
Moldova
35%
Sao Tome & Principe
31%
Vixen
24%
NFL Teams New York Giants
20%
Ethiopia
13%
Massachusetts
10%
Peru
10%
Rutherford B. Hayes
10%
Ngerulmud
8%
St. Louis Rams
7%
Concord
5%
Memphis Grizzlies
5%
Myanmar
5%
Timon of Athens
3%
Duke of Grafton
1%
Juventas
1%
Shenyang
1%
Therevada
1%
No matching quizzes found
Score Distribution
Percent of People with Each Score
Percentile by Number Answered
Your Score History
You have not taken this quiz since the last reset